Gods of the Greeks - Statistics

General Stats
  • This quiz has been taken 88 times
  • The average score is 15 of 20
Answer Stats
Hint Answer % Correct
King of the Olympians Zeus
99%
God of war Ares
96%
Queen of the Olympians Hera
90%
God of the sea and earthquakes Poseidon
90%
Born from her father's forehead Athena
85%
Wears a helm that makes him invisible Hades
85%
Messenger god Hermes
85%
God of archery, prophecy, and the sun Apollo
78%
Goddess of the hunt Artemis
78%
God of wine Dionysus
78%
Kidnapped by the above and became his wife Persephone
78%
The eldest of the Olympians; born from sea foam of the coast of Cyprus Aphrodite
75%
Goddess of the harvest Demeter
69%
Winged goddess of victory Nike
67%
God of the wild Pan
63%
Goddess of the hearth Hestia
60%
Goddess of the rainbow Iris
55%
Goddess of magic and witchcraft Hecate
51%
Married to the above Hephaestus
49%
Goddess of revenge and divine retribution Nemesis
48%
No matching quizzes found
Score Distribution
Percent of People with Each Score
Percentile by Number Answered
Your Score History
You have not taken this quiz